000 00966cam a22002774a 4500
999 _c3864
_d3864
001 16481125
003 Nust
005 20180117090018.0
008 100928s2010 njuab b 001 0 eng
010 _a 2010483067
020 _a9780470388341 (hbk.)
040 _aDLC
_cDLC
050 0 0 _aHF1411
_b.S239 2010
100 1 _aSalvatore, Dominick.
245 1 0 _aInternational economics /
_cDominick Salvatore.
_btrade and finance
250 _a10th ed.
260 _aHoboken, NJ :
_bWiley,
_cc2011.
300 _axxxviii, 812 p. :
_bill., map ;
_c25 cm.
500 _aMap on end pages.
504 _aIncludes bibliographical references and index.
650 0 _aInternational economic relations.
906 _a7
_bcbc
_corignew
_d3
_encip
_f20
_gy-gencatlg
942 _2ddc
_cBK